Podi del Festival di Sanremo - anni 1990 - Statistics

Statistiche generali
  • Questo quiz è stato fatto 208 volte
  • Il punteggio medio è 25 su 34
Statistiche sulle risposte
Anno Posizione Canzone Artista % Corretto
1990 Primo Uomini soli Pooh
99%
1995 Primo Come saprei Giorgia
97%
1996 Terzo Strano il mio destino Giorgia
97%
1991 Primo Se stiamo insieme Riccardo Cocciante
93%
1997 Primo Fiumi di parole Jalisse
92%
1996 Primo Vorrei incontrarti fra cent'anni Ron
91%
1997 Secondo Storie Anna Oxa
90%
1999 Primo Senza pietà Anna Oxa
90%
1993 Primo Mistero Enrico Ruggeri
90%
1992 Secondo Gli uomini non cambiano Mia Martini
89%
1992 Primo Portami a ballare Luca Barbarossa
88%
1996 Secondo La terra dei cachi Elio e le Storie Tese
85%
1994 Terzo Strani amori Laura Pausini
84%
1990 Terzo Vattene amore Mietta
83%
1990 Terzo Vattene amore Amedeo Minghi
82%
1996 Primo Vorrei incontrarti fra cent'anni Tosca
80%
1994 Primo Passerà Aleandro Baldi
78%
1998 Primo Senza te o con te Annalisa Minetti
77%
1995 Terzo Gente come noi Ivana Spagna
77%
1994 Secondo Signor tenente Giorgio Faletti
74%
1995 Secondo In amore Gianni Morandi
69%
1991 Terzo Perché lo fai Marco Masini
67%
1991 Secondo Spalle al muro Renato Zero
67%
1992 Terzo La forza della vita Paolo Vallesi
64%
1990 Secondo Gli amori Toto Cutugno
64%
1995 Secondo In amore Barbara Cola
52%
1998 Secondo Amore lontanissimo Antonella Ruggiero
48%
1999 Secondo Non ti dimentico (Se non ci fossero le nuvole) Antonella Ruggiero
48%
1998 Terzo Sempre Lisa
48%
1993 Secondo Dietro la porta Cristiano de André
44%
1997 Terzo Sei tu Syria
44%
1993 Terzo Gli amori diversi Grazia Di Michele
41%
1999 Terzo Così è la vita Mariella Nava
38%
1993 Terzo Gli amori diversi Rossana Casale
38%
Nessun quiz corrispondente trovato
Distribuzione punteggi
Percentuale di utenti per punteggio
Percentile per numero di risposta
I tuoi punteggi nel tempo
Non hai fatto questo quiz